Todas as Formas de Países Asiáticos - Statistics

Estatísticas Gerais
  • Esse quiz foi jogado 3 450 vezes
  • A pontuação média é 26 de 48
Estatísticas das Respostas
Imagem Resposta % Correto
Índia
99%
China
97%
Japão
95%
Vietname
87%
Turquia
85%
Indonésia
77%
Paquistão
73%
Chipre
72%
Tailândia
72%
Birmânia
68%
Filipinas
67%
Sri Lanka
66%
Maldivas
65%
Nepal
65%
Laos
62%
Mongólia
62%
Israel
59%
Afeganistão
57%
Cazaquistão
56%
Irão
56%
Malásia
56%
Taiwan
56%
Omã
54%
Iraque
53%
Arábia Saudita
52%
Iémen
50%
Uzbequistão
49%
Jordânia
47%
Bangladesh
46%
Geórgia
44%
Emirados Árabes Unidos
43%
Timor Leste
43%
Turquemenistão
43%
Coréia do Sul
42%
Síria
42%
Coréia do Norte
40%
Azerbaijão
39%
Quirguistão
39%
Kuweit
38%
Tajiquistão
35%
Singapura
34%
Butão
33%
Armênia
31%
Brunei
31%
Camboja
31%
Catar
31%
Líbano
31%
Bahrein
27%
Nenhum quiz correspondente encontrado
Distribuição das Pontuações
Porcentagem de Pessoas com Cada Pontuação
Percentil de Números Respondidos
Sua Pontuação Histórica
Você não jogou esse quiz